[Event "Mittelfrank Regionalliga Nord-Ost 2223"]
[Site "Mittelfranken"]
[Date "2023.02.05"]
[Round "6.2"]
[White "Adelhuette, Dennis"]
[Black "Schatz, Christian"]
[Result "1/2-1/2"]
[WhiteElo "2042"]
[BlackElo "2127"]
[PlyCount "40"]
[EventDate "2022.10.09"]
[EventType "team-tourn"]
[EventRounds "9"]
[EventCountry "GER"]
[SourceTitle "EXT 2024"]
[Source "ChessBase"]
[SourceDate "2023.10.10"]
[SourceVersion "1"]
[SourceVersionDate "2023.10.10"]
[SourceQuality "1"]
[WhiteTeam "Nuernberg Jaeklechemie"]
[BlackTeam "Heng Postbauer"]
[WhiteTeamCountry "GER"]
[BlackTeamCountry "GER"]

1. d4 Nf6 2. c4 e6 3. Nf3 b6 4. g3 Bb7 5. Bg2 Be7 6. 0-0 0-0 7. Nc3 Ne4 8. Qc2 Nxc3 9. Qxc3 Bf6 10. Bf4 d6 11. Qd2 Nd7 12. Rfe1 Qe7 13. Bg5 h6 14. Bxf6 Nxf6 15. Nh4 Bxg2 16. Kxg2 c5 17. e4 cxd4 18. Qxd4 Rac8 19. b3 Rfd8 20. Rad1 Qc7 1/2-1/2

[Event "Mittelfrank Regionalliga Nord-Ost 2223"]
[Site "Mittelfranken"]
[Date "2023.01.15"]
[Round "5.3"]
[White "Adelhuette, Dennis"]
[Black "Hollmann, Thomas"]
[Result "1/2-1/2"]
[WhiteElo "2042"]
[BlackElo "1946"]
[PlyCount "114"]
[EventDate "2022.10.09"]
[EventType "team-tourn"]
[EventRounds "9"]
[EventCountry "GER"]
[SourceTitle "EXT 2024"]
[Source "ChessBase"]
[SourceDate "2023.10.10"]
[SourceVersion "1"]
[SourceVersionDate "2023.10.10"]
[SourceQuality "1"]
[WhiteTeam "Nuernberg Jaeklechemie"]
[BlackTeam "Buechenbach/Roth"]
[WhiteTeamCountry "GER"]
[BlackTeamCountry "GER"]

1. d4 d5 2. c4 e6 3. Nf3 Nf6 4. Nc3 c6 5. e3 Nbd7 6. Be2 Bd6 7. 0-0 0-0 8. b3 b6 9. Bb2 Bb7 10. Bd3 Rc8 11. Rc1 Re8 12. Re1 c5 13. cxd5 exd5 14. dxc5 bxc5 15. Nb5 Bb8 16. Bf5 Rc6 17. Rc2 a6 18. Nc3 Ne5 19. Nxe5 Bxe5 20. Ne2 Qd6 21. Bxe5 Qxe5 22. Ng3 g6 23. Bd3 Rec8 24. Qa1 Qxa1 25. Rxa1 c4 26. bxc4 dxc4 27. Be2 Rc5 28. Rb1 Bd5 29. Rb6 R5c6 30. Rxc6 Rxc6 31. e4 Be6 32. Rc3 Rc5 33. f3 Nd7 34. Nf1 Nb6 35. Bd1 Rb5 36. Ne3 Rb2 37. Rc2 Rb1 38. Kf2 Na4 39. Be2 c3 40. Bxa6 Rb2 41. Bd3 Bxa2 42. Nd1 Rb1 43. Nxc3 Nxc3 44. Rxc3 Rb4 45. h4 h5 46. Ke3 Be6 47. Kf4 Kg7 48. g4 hxg4 49. fxg4 Ra4 50. h5 gxh5 51. gxh5 Ra5 52. Be2 Ra2 53. Rg3+ Kh6 54. Bd3 Rh2 55. Ke5 Rh4 56. Be2 Rh2 57. Bd3 Rh4 1/2-1/2

[Event "Mittelfrank Regionalliga Nord-Ost 2223"]
[Site "Mittelfranken"]
[Date "2022.10.09"]
[Round "1.2"]
[White "Adelhuette, Dennis"]
[Black "Arnhold, Steffi"]
[Result "0-1"]
[WhiteElo "2042"]
[BlackElo "2103"]
[PlyCount "96"]
[EventDate "2022.10.09"]
[EventType "team-tourn"]
[EventRounds "9"]
[EventCountry "GER"]
[SourceTitle "EXT 2024"]
[Source "ChessBase"]
[SourceDate "2023.10.10"]
[SourceVersion "1"]
[SourceVersionDate "2023.10.10"]
[SourceQuality "1"]
[WhiteTeam "Nuernberg Jaeklechemie"]
[BlackTeam "Regensburg Bavaria II"]
[WhiteTeamCountry "GER"]
[BlackTeamCountry "GER"]

1. d4 d5 2. c4 e6 3. Nf3 c6 4. e3 Nf6 5. Nc3 Nbd7 6. Be2 Bd6 7. 0-0 0-0 8. b3 Ne4 9. Nxe4 dxe4 10. Nd2 f5 11. f3 Qh4 12. f4 g5 13. g3 Qh6 14. Bb2 Nf6 15. Qc1 Rf7 16. Qc3 Bd7 17. Rad1 Rc8 18. b4 Qg6 19. Nb3 gxf4 20. exf4 b6 21. a3 Bf8 22. Qe3 Bg7 23. a4 Be8 24. b5 Rfc7 25. Rc1 h5 26. Rfd1 Qf7 27. Ba3 Rd8 28. Bb4 Bf8 29. Bxf8 Qxf8 30. Rd2 cxb5 31. axb5 Bxb5 32. Rdc2 Ba4 33. Ra2 Bxb3 34. Qxb3 Rxd4 35. c5 Nd5 36. Qb2 Rxc5 37. Rxa7 Rxc1+ 38. Qxc1 Qc5 39. Qxc5 bxc5 40. Bxh5 e3 41. Kf1 c4 42. Bf7+ Kf8 43. Bh5 c3 44. Ra1 c2 45. Ke2 Rd2+ 46. Ke1 Rxh2 47. Bf3 Nc3 48. g4 Na2 0-1

[Event "Mittelfranken-chTB2a 1920"]
[Site "Mittelfranken"]
[Date "2020.01.12"]
[Round "4.2"]
[White "Adelhuette, Dennis"]
[Black "Straschewski, Joerg"]
[Result "1/2-1/2"]
[WhiteElo "1985"]
[BlackElo "1939"]
[PlyCount "40"]
[EventDate "2019.10.13"]
[EventType "team-tourn"]
[EventRounds "9"]
[EventCountry "GER"]
[SourceTitle "EXT 2023"]
[Source "ChessBase"]
[SourceDate "2022.10.05"]
[SourceVersion "1"]
[SourceVersionDate "2022.10.05"]
[SourceQuality "1"]
[WhiteTeam "Nuernberg Jaeklechemie"]
[BlackTeam "Cadolzburg"]
[WhiteTeamCountry "GER"]
[BlackTeamCountry "GER"]

1. f4 d5 2. Nf3 g6 3. e3 Bg7 4. d4 Nh6 5. c3 0-0 6. Be2 b6 7. 0-0 Nf5 8. g4 Nd6 9. Ne5 f6 10. Nd3 e6 11. Nd2 Nd7 12. Nf3 Ba6 13. Bd2 c5 14. b3 Qc7 15. Rc1 Rae8 16. g5 fxg5 17. Nxg5 Nf5 18. Ne5 Bxe2 19. Qxe2 Nxe5 20. dxe5 h6 1/2-1/2

[Event "Mittelfranken-chTB2a 1920"]
[Site "Mittelfranken"]
[Date "2019.11.03"]
[Round "2.2"]
[White "Thuerauf, Peter"]
[Black "Adelhuette, Dennis"]
[Result "1-0"]
[WhiteElo "1890"]
[BlackElo "1985"]
[PlyCount "113"]
[EventDate "2019.10.13"]
[EventType "team-tourn"]
[EventRounds "9"]
[EventCountry "GER"]
[SourceTitle "EXT 2023"]
[Source "ChessBase"]
[SourceDate "2022.10.05"]
[SourceVersion "1"]
[SourceVersionDate "2022.10.05"]
[SourceQuality "1"]
[WhiteTeam "Nuernberg Sued SW IV"]
[BlackTeam "Nuernberg Jaeklechemie"]
[WhiteTeamCountry "GER"]
[BlackTeamCountry "GER"]

1. d4 d5 2. Nf3 c6 3. c4 e6 4. Nc3 dxc4 5. a4 Bb4 6. e3 b5 7. axb5 cxb5 8. Bd2 Bxc3 9. Bxc3 a5 10. b3 Bb7 11. bxc4 b4 12. Bd2 Nf6 13. Bd3 0-0 14. 0-0 Nbd7 15. Re1 Nc5 16. Bf1 Nce4 17. Ne5 Nxd2 18. Qxd2 Ne4 19. Qc2 Qc7 20. f3 f6 21. Nd3 Nc3 22. Nc5 Rfe8 23. Bd3 f5 24. Na4 Nxa4 25. Qxa4 Red8 26. Qb3 f4 27. Qc2 h6 28. Qd2 Qd7 29. Red1 Kh8 30. Be4 Bxe4 31. fxe4 Qc6 32. d5 Qxc4 33. Qd3 Qxd3 34. Rxd3 exd5 35. exd5 fxe3 36. Kf1 Rf8+ 37. Ke2 Rf2+ 38. Kxe3 Rxg2 39. d6 Rxh2 40. Ke4 Rh5 41. d7 Rd8 42. Rc1 Rh4+ 43. Ke5 Rxd7 44. Rxd7 b3 45. Rb7 a4 46. Rg1 Rc4 47. Rgxg7 Rc8 48. Rh7+ Kg8 49. Rxh6 Ra8 50. Rhb6 Re8+ 51. Kf6 Rf8+ 52. Kg6 b2 53. Rxb2 Rc8 54. Rg7+ Kf8 55. Rf2+ Ke8 56. Rg8+ Kd7 57. Rf7+ 1-0

[Event "Mittelfranken-chTB2a 1819"]
[Site "Mittelfranken"]
[Date "2019.04.28"]
[Round "9.2"]
[White "Adelhuette, Dennis"]
[Black "Vaas, Andreas"]
[Result "1-0"]
[WhiteElo "2017"]
[BlackElo "1776"]
[PlyCount "73"]
[EventDate "2018.10.14"]
[EventType "team-tourn"]
[EventRounds "9"]
[EventCountry "GER"]
[SourceTitle "EXT 2022"]
[Source "ChessBase"]
[SourceDate "2021.10.06"]
[SourceVersion "1"]
[SourceVersionDate "2021.10.06"]
[SourceQuality "1"]
[WhiteTeam "Jaecklechemie SC"]
[BlackTeam "Dinkelsbuehl"]
[WhiteTeamCountry "GER"]
[BlackTeamCountry "GER"]

1. d4 b6 2. e4 Bb7 3. Nc3 e6 4. Nf3 Bb4 5. Bd3 Nf6 6. e5 Ne4 7. Bd2 Nxd2 8. Nxd2 d5 9. Qg4 Bf8 10. 0-0 Nd7 11. f4 g6 12. Nf3 c5 13. Ng5 a6 14. f5 gxf5 15. Qh5 Qe7 16. Bxf5 exf5 17. Rxf5 0-0-0 18. Nxf7 Rg8 19. Nxd8 Kxd8 20. Ne2 Qg7 21. Nf4 Qe7 22. Rf7 Qe8 23. e6 Nf6 24. Rxf6 Qxh5 25. Nxh5 Be7 26. Rf7 Rg6 27. Nf4 Rf6 28. c3 Ke8 29. Rxf6 Bxf6 30. Rd1 cxd4 31. cxd4 Ke7 32. Kf2 Kd6 33. Kf3 Bc8 34. Kg4 b5 35. Kf5 Bg7 36. Rd3 a5 37. Rc3 1-0

[Event "Mittelfranken-chTB2a 1819"]
[Site "Mittelfranken"]
[Date "2019.03.31"]
[Round "8.2"]
[White "Basting, Steffen"]
[Black "Adelhuette, Dennis"]
[Result "1/2-1/2"]
[WhiteElo "2008"]
[BlackElo "2017"]
[PlyCount "36"]
[EventDate "2018.10.14"]
[EventType "team-tourn"]
[EventRounds "9"]
[EventCountry "GER"]
[SourceTitle "EXT 2022"]
[Source "ChessBase"]
[SourceDate "2021.10.06"]
[SourceVersion "1"]
[SourceVersionDate "2021.10.06"]
[SourceQuality "1"]
[WhiteTeam "Fuerth SF"]
[BlackTeam "Jaecklechemie SC"]
[WhiteTeamCountry "GER"]
[BlackTeamCountry "GER"]

1. e4 e6 2. Qe2 c5 3. g3 Nc6 4. Nf3 g6 5. Bg2 Bg7 6. 0-0 Nge7 7. c3 0-0 8. Na3 d5 9. d3 a6 10. e5 b5 11. Nc2 Qc7 12. Bf4 a5 13. a3 a4 14. Rfe1 Na5 15. d4 Ba6 16. Qd1 Nb3 17. Rb1 Nc6 18. dxc5 Nxc5 1/2-1/2

[Event "Mittelfranken-chTB2a 1819"]
[Site "Mittelfranken"]
[Date "2019.01.27"]
[Round "4.2"]
[White "Ludwig, Michael"]
[Black "Adelhuette, Dennis"]
[Result "0-1"]
[WhiteElo "1896"]
[BlackElo "2017"]
[PlyCount "32"]
[EventDate "2018.10.14"]
[EventType "team-tourn"]
[EventRounds "9"]
[EventCountry "GER"]
[SourceTitle "EXT 2022"]
[Source "ChessBase"]
[SourceDate "2021.10.06"]
[SourceVersion "1"]
[SourceVersionDate "2021.10.06"]
[SourceQuality "1"]
[WhiteTeam "Buechenbach/Roth II"]
[BlackTeam "Jaecklechemie SC"]
[WhiteTeamCountry "GER"]
[BlackTeamCountry "GER"]

1. e4 e6 2. d4 d5 3. Nd2 Nf6 4. e5 Nfd7 5. Bd3 c5 6. c3 Nc6 7. Ngf3 Be7 8. b3 a6 9. Bb2 b5 10. Rc1 Bb7 11. 0-0 b4 12. c4 cxd4 13. cxd5 Ncxe5 14. dxe6 Nxd3 15. exd7+ Qxd7 16. Rc4 Nxb2 0-1

[Event "Mittelfranken-chTB2a 1819"]
[Site "Mittelfranken"]
[Date "2018.11.04"]
[Round "2.2"]
[White "Diller, Andreas"]
[Black "Adelhuette, Dennis"]
[Result "0-1"]
[WhiteElo "1771"]
[BlackElo "2017"]
[PlyCount "46"]
[EventDate "2018.10.14"]
[EventType "team-tourn"]
[EventRounds "9"]
[EventCountry "GER"]
[SourceTitle "EXT 2022"]
[Source "ChessBase"]
[SourceDate "2021.10.06"]
[SourceVersion "1"]
[SourceVersionDate "2021.10.06"]
[SourceQuality "1"]
[WhiteTeam "Rothenburg II"]
[BlackTeam "Jaecklechemie SC"]
[WhiteTeamCountry "GER"]
[BlackTeamCountry "GER"]

1. e4 e6 2. f4 d5 3. e5 c5 4. Nf3 Nc6 5. Bb5 Bd7 6. c3 Nge7 7. 0-0 Qb6 8. Bxc6 Nxc6 9. Qb3 c4+ 10. Qxb6 axb6 11. d4 cxd3 12. Be3 Na5 13. b3 Nxb3 14. axb3 Rxa1 15. Bxb6 Be7 16. Bd4 Ra6 17. Nbd2 0-0 18. c4 dxc4 19. bxc4 Bc6 20. g4 Rd8 21. Nb3 Bxf3 22. Rxf3 Rxd4 23. Nxd4 d2 0-1

[Event "Mittelfranken-ch HT 67th"]
[Site "Nuremberg"]
[Date "2018.03.28"]
[Round "4"]
[White "Erlbeck, Peter"]
[Black "Adelhuette, Dennis"]
[Result "1/2-1/2"]
[WhiteElo "2095"]
[BlackElo "1961"]
[PlyCount "124"]
[EventDate "2018.03.27"]
[EventType "swiss"]
[EventRounds "9"]
[EventCountry "GER"]
[SourceTitle "EXT 2020"]
[Source "ChessBase"]
[SourceDate "2019.10.17"]
[SourceVersion "1"]
[SourceVersionDate "2019.10.17"]
[SourceQuality "1"]

1. e4 e6 2. d4 d5 3. e5 c5 4. c3 Nc6 5. Nf3 Qb6 6. a3 f6 7. Bd3 fxe5 8. Nxe5 Nxe5 9. dxe5 g6 10. 0-0 Bg7 11. c4 d4 12. f4 Ne7 13. Nd2 0-0 14. Ne4 Bd7 15. b4 cxb4 16. axb4 Bc6 17. Ng5 Bd7 18. b5 Nf5 19. Qe2 Rfe8 20. Ne4 Kh8 21. Bd2 Qc7 22. g4 Nh6 23. Ba5 b6 24. Be1 Nf7 25. Bh4 Bc8 26. Qf2 Bb7 27. Qxd4 Red8 28. Qe3 Bf8 29. Bf6+ Kg8 30. Bxd8 Rxd8 31. Rae1 Bb4 32. Re2 Qe7 33. Nf6+ Kg7 34. Qh3 Bc5+ 35. Rff2 Bxf2+ 36. Rxf2 h6 37. Qe3 Qa3 38. Rd2 Qc1+ 39. Kf2 Qh1 40. Qg3 Qc1 41. Ke2 Qc3 42. Qe3 Qc1 43. Ne4 Qh1 44. Nd6 Bg2 45. Rd1 Qxh2 46. Qf2 Nxe5 47. Be4 Nxg4 48. Qxg2 Qxf4 49. Qf3 Qh2+ 50. Qg2 Qf4 51. Nf5+ exf5 52. Rxd8 Qe3+ 53. Kd1 Nf2+ 54. Kc2 Nxe4 55. Rd7+ Kf6 56. Rd3 Qc5 57. Kb3 Qc8 58. Rd5 Qe6 59. Qb2+ Kg5 60. Qg2+ Kf6 61. Qb2+ Kg5 62. Qg2+ Kf6 1/2-1/2

[Event "Mittelfranken-ch HT 67th"]
[Site "Nuremberg"]
[Date "2018.03.27"]
[Round "1"]
[White "Adelhuette, Dennis"]
[Black "Meulner, Klaus"]
[Result "0-1"]
[WhiteElo "1961"]
[BlackElo "2103"]
[PlyCount "57"]
[EventDate "2018.03.27"]
[EventType "swiss"]
[EventRounds "9"]
[EventCountry "GER"]
[SourceTitle "EXT 2020"]
[Source "ChessBase"]
[SourceDate "2019.10.17"]
[SourceVersion "1"]
[SourceVersionDate "2019.10.17"]
[SourceQuality "1"]

1. d4 g6 2. c4 Bg7 3. Nc3 c5 4. d5 Bxc3+ 5. bxc3 f5 6. h4 Nf6 7. h5 Rg8 8. hxg6 hxg6 9. Nf3 Qa5 10. Bd2 d6 11. Ng5 Nbd7 12. f3 Ne5 13. Qb3 Qa6 14. e3 Bd7 15. f4 Nf7 16. Rb1 b6 17. Ne6 Bxe6 18. dxe6 Nd8 19. g4 Nxe6 20. g5 Ne4 21. Bg2 0-0-0 22. a4 d5 23. cxd5 Qd3 24. Bxe4 Qxe4 25. Kf2 Rxd5 26. Rbd1 c4 27. Qa3 Nc5 28. Qa2 Rgd8 29. Ke1 0-1

[Event "Mittelfranken-chTB2a 1718"]
[Site "Mittelfranken"]
[Date "2018.02.18"]
[Round "5.2"]
[White "Vasilache, Catalin"]
[Black "Adelhuette, Dennis"]
[Result "0-1"]
[WhiteElo "1973"]
[BlackElo "1997"]
[PlyCount "66"]
[EventDate "2017.10.08"]
[EventType "team-tourn"]
[EventRounds "9"]
[EventCountry "GER"]
[SourceTitle "EXT 2022"]
[Source "ChessBase"]
[SourceDate "2021.10.06"]
[SourceVersion "1"]
[SourceVersionDate "2021.10.06"]
[SourceQuality "1"]
[WhiteTeam "Buechenbach/Roth II"]
[BlackTeam "Jaecklechemie SC"]
[WhiteTeamCountry "GER"]
[BlackTeamCountry "GER"]

1. d4 d5 2. Nf3 e6 3. c4 c6 4. e3 Bd6 5. b3 Qe7 6. c5 Bc7 7. Bb2 f5 8. h4 Nf6 9. b4 0-0 10. Ne5 Nbd7 11. Be2 Nxe5 12. dxe5 Nd7 13. f4 b6 14. Nd2 bxc5 15. Rc1 cxb4 16. Rxc6 Bb6 17. Kf2 Nc5 18. Bd4 Bd7 19. Rd6 Rac8 20. Qb1 Rc6 21. Qxb4 Nb7 22. Bxb6 axb6 23. Bb5 Nxd6 24. exd6 Qxd6 25. Qb2 Rc7 26. Bd3 Rfc8 27. g4 Rc3 28. Bb1 d4 29. Nf3 dxe3+ 30. Kg3 fxg4 31. Ng5 e2+ 32. Kxg4 e5+ 33. f5 R8c4+ 0-1

[Event "Mittelfranken-chTB2a 1718"]
[Site "Mittelfranken"]
[Date "2017.11.19"]
[Round "3.1"]
[White "Adelhuette, Dennis"]
[Black "Wenke, Oldrich"]
[Result "1-0"]
[WhiteElo "1997"]
[BlackElo "2055"]
[PlyCount "61"]
[EventDate "2017.10.08"]
[EventType "team-tourn"]
[EventRounds "9"]
[EventCountry "GER"]
[SourceTitle "EXT 2022"]
[Source "ChessBase"]
[SourceDate "2021.10.06"]
[SourceVersion "1"]
[SourceVersionDate "2021.10.06"]
[SourceQuality "1"]
[WhiteTeam "Jaecklechemie SC"]
[BlackTeam "Treuchtlingen/Wet SG"]
[WhiteTeamCountry "GER"]
[BlackTeamCountry "GER"]

1. d4 d6 2. c4 c6 3. Nc3 Nf6 4. e4 g6 5. f3 Bg7 6. Be3 0-0 7. Nge2 e5 8. g4 Na6 9. Qd2 Be6 10. d5 cxd5 11. cxd5 Bd7 12. Ng3 Qa5 13. h4 Nc5 14. Rc1 Rfc8 15. h5 gxh5 16. g5 Ne8 17. Nxh5 Na4 18. Nxg7 Nxg7 19. Qh2 h5 20. gxh6 Nxc3 21. Bd2 Nxe4 22. Rxc8+ Rxc8 23. Bxa5 Rc1+ 24. Ke2 Rc2+ 25. Kd1 Rxh2 26. Rxh2 Ng3 27. Bh3 Bxh3 28. Rxh3 N7f5 29. h7+ Kh8 30. Bd8 Ne3+ 31. Ke1 1-0

[Event "Mittelfranken Mitte-ch"]
[Site "Nuremberg"]
[Date "2017.01.08"]
[Round "6"]
[White "Adelhuette, Dennis"]
[Black "Albayrak, Aylin"]
[Result "1-0"]
[WhiteElo "1962"]
[BlackElo "1668"]
[PlyCount "43"]
[EventDate "2017.01.05"]
[EventType "swiss"]
[EventRounds "7"]
[EventCountry "GER"]
[SourceTitle "EXT 2018"]
[Source "ChessBase"]
[SourceDate "2017.10.13"]
[SourceVersion "1"]
[SourceVersionDate "2017.10.13"]
[SourceQuality "1"]

1. d4 Nf6 2. c4 d5 3. cxd5 Nxd5 4. e4 Nf6 5. Nc3 e6 6. Bf4 Bb4 7. Bd3 0-0 8. Nf3 c5 9. dxc5 Bxc3+ 10. bxc3 Qa5 11. 0-0 Qxc5 12. e5 Nd5 13. Bg3 Nc6 14. c4 Ncb4 15. Bxh7+ Kh8 16. Ng5 g6 17. Qg4 Kg7 18. Ne4 Qxc4 19. Bh4 Nd3 20. Bf6+ Nxf6 21. exf6+ Kh8 22. Qh4 1-0

[Event "Mittelfranken Mitte-ch"]
[Site "Nuremberg"]
[Date "2017.01.07"]
[Round "3"]
[White "Erlbeck, Peter"]
[Black "Adelhuette, Dennis"]
[Result "1/2-1/2"]
[WhiteElo "2061"]
[BlackElo "1962"]
[PlyCount "103"]
[EventDate "2017.01.05"]
[EventType "swiss"]
[EventRounds "7"]
[EventCountry "GER"]
[SourceTitle "EXT 2018"]
[Source "ChessBase"]
[SourceDate "2017.10.13"]
[SourceVersion "1"]
[SourceVersionDate "2017.10.13"]
[SourceQuality "1"]

1. e4 e6 2. d4 d5 3. e5 c5 4. c3 Nc6 5. Nf3 Qb6 6. a3 Nh6 7. b4 cxd4 8. cxd4 Nf5 9. Bb2 Be7 10. Bd3 a5 11. g4 Nh4 12. Nxh4 Bxh4 13. 0-0 axb4 14. axb4 Rxa1 15. Bxa1 Qxb4 16. Bc3 Qb6 17. Qd2 Be7 18. Rd1 Bd7 19. Bf1 0-0 20. Qe3 Rc8 21. Nd2 f6 22. Rb1 Qc7 23. exf6 Bxf6 24. g5 Be7 25. Nf3 Bd6 26. Bd2 Rf8 27. Qb3 Bc8 28. Bg2 Qf7 29. Qd3 Qh5 30. h3 Qf7 31. Rf1 Kh8 32. Qb3 Bf4 33. Qc3 Bd6 34. Qb3 Ne7 35. Ne5 Bxe5 36. dxe5 Nc6 37. f4 Qe7 38. Rc1 Qe8 39. Qe3 Qf7 40. Rf1 Qf5 41. Qc5 Qf7 42. f5 exf5 43. Bxd5 Qe8 44. e6 Qe7 45. Qxe7 Nxe7 46. Bb4 Re8 47. Bxe7 Rxe7 48. Rxf5 Kg8 49. Rf7 Rxf7 50. exf7+ Kf8 51. h4 Bg4 52. Bxb7 1/2-1/2

[Event "Mittelfranken Mitte-ch"]
[Site "Zirndorf"]
[Date "2016.01.06"]
[Round "6"]
[White "Adelhuette, Dennis"]
[Black "Albayrak, Aylin"]
[Result "1-0"]
[WhiteElo "1924"]
[BlackElo "1646"]
[PlyCount "95"]
[EventDate "2016.01.03"]
[EventType "swiss"]
[EventRounds "7"]
[EventCountry "GER"]
[SourceTitle "EXT 2018"]
[Source "ChessBase"]
[SourceDate "2017.10.13"]
[SourceVersion "1"]
[SourceVersionDate "2017.10.13"]
[SourceQuality "1"]

1. e4 d5 2. exd5 Qxd5 3. Nc3 Qa5 4. d4 e5 5. Qe2 Nc6 6. d5 Nb4 7. Qxe5+ Ne7 8. Bd3 Nbxd5 9. Bd2 c6 10. Nb5 f6 11. Nd6+ Kd7 12. Bxa5 fxe5 13. Nf7 Rg8 14. Bxh7 Ke6 15. Ng5+ Kf6 16. Ne4+ Ke6 17. Bxg8+ Nxg8 18. 0-0-0 Ngf6 19. Nxf6 gxf6 20. Ne2 Bc5 21. c4 Ne7 22. Rhf1 b6 23. Bc3 a5 24. f4 e4 25. Nd4+ Kf7 26. Nb3 Bb4 27. Rde1 f5 28. Re3 Ba6 29. Bxb4 axb4 30. Nd2 c5 31. g4 Bb7 32. Kb1 Rd8 33. Rf2 Rd4 34. h3 Kf6 35. b3 b5 36. Rfe2 bxc4 37. bxc4 Ng6 38. Nb3 Rxc4 39. Na5 Nxf4 40. Nxc4 Nxe2 41. Rxe2 Ba6 42. Rf2 Bxc4 43. Rxf5+ Kg6 44. Rxc5 Bd3+ 45. Kc1 e3 46. Re5 e2 47. Kd2 e1Q+ 48. Kxe1 1-0

[Event "Mittelfranken Mitte-ch"]
[Site "Zirndorf"]
[Date "2016.01.04"]
[Round "4"]
[White "Adelhuette, Dennis"]
[Black "Leis, Stefan"]
[Result "1/2-1/2"]
[WhiteElo "1924"]
[BlackElo "1878"]
[PlyCount "44"]
[EventDate "2016.01.03"]
[EventType "swiss"]
[EventRounds "7"]
[EventCountry "GER"]
[SourceTitle "EXT 2018"]
[Source "ChessBase"]
[SourceDate "2017.10.13"]
[SourceVersion "1"]
[SourceVersionDate "2017.10.13"]
[SourceQuality "1"]

1. e4 e6 2. d4 d5 3. Nd2 h6 4. Bd3 c5 5. exd5 exd5 6. dxc5 Bxc5 7. Nb3 Bb6 8. Ne2 Nf6 9. 0-0 0-0 10. h3 Nc6 11. Ng3 a5 12. a4 Re8 13. Bb5 Ne4 14. Nxe4 dxe4 15. Qxd8 Rxd8 16. Bxc6 bxc6 17. Re1 Be6 18. Be3 Bxb3 19. Bxb6 Rdb8 20. cxb3 Rxb6 21. Rxe4 Rxb3 22. Rc1 Rxb2 1/2-1/2

[Event "Mittelfranken Mitte-ch"]
[Site "Zirndorf"]
[Date "2016.01.03"]
[Round "3"]
[White "Junk, Philipp"]
[Black "Adelhuette, Dennis"]
[Result "0-1"]
[WhiteElo "1747"]
[BlackElo "1924"]
[PlyCount "44"]
[EventDate "2016.01.03"]
[EventType "swiss"]
[EventRounds "7"]
[EventCountry "GER"]
[SourceTitle "EXT 2018"]
[Source "ChessBase"]
[SourceDate "2017.10.13"]
[SourceVersion "1"]
[SourceVersionDate "2017.10.13"]
[SourceQuality "1"]

1. e4 e6 2. d4 d5 3. Nd2 Nf6 4. e5 Nfd7 5. c3 c5 6. Bd3 Nc6 7. Ne2 cxd4 8. cxd4 f6 9. exf6 Nxf6 10. 0-0 Bd6 11. Nf3 Qc7 12. Bd2 0-0 13. Nc3 a6 14. Rc1 Bd7 15. Re1 h6 16. Na4 Ng4 17. h3 Bh2+ 18. Kf1 Nxf2 19. Qe2 Nxh3 20. Be3 Ng5 21. Nc5 Nxf3 22. gxf3 Qg3 0-1

[Event "Forchheim op-B 14th"]
[Site "Forchheim"]
[Date "2015.10.03"]
[Round "2"]
[White "Adelhuette, Dennis"]
[Black "Rummel, Gerald"]
[Result "1-0"]
[WhiteElo "1962"]
[BlackElo "1780"]
[PlyCount "79"]
[EventDate "2015.10.02"]
[EventType "swiss"]
[EventRounds "5"]
[EventCountry "GER"]
[SourceTitle "EXT 2019"]
[Source "ChessBase"]
[SourceDate "2018.10.10"]
[SourceVersion "1"]
[SourceVersionDate "2018.10.10"]
[SourceQuality "1"]

1. e4 e6 2. d4 d5 3. Nd2 a6 4. Bd3 c5 5. exd5 exd5 6. Qe2+ Be6 7. f4 g6 8. dxc5 Bxc5 9. Ngf3 Qe7 10. Nb3 Ba7 11. Bd2 Nd7 12. Bc3 Ngf6 13. 0-0-0 0-0-0 14. g4 Nxg4 15. Bxh8 Rxh8 16. Nfd4 Re8 17. Rde1 Nc5 18. Qf3 Nxb3+ 19. Nxb3 Nf2 20. Rhf1 Nxd3+ 21. Qxd3 Qf6 22. Re5 Kb8 23. Nd4 Rc8 24. Nxe6 fxe6 25. Kb1 Rc6 26. c3 Bb6 27. Qg3 Bc7 28. Re2 h6 29. Ref2 Bb6 30. Rg2 e5 31. Qd3 exf4 32. Qxd5 Rd6 33. Qf3 g5 34. h4 Qf5+ 35. Ka1 Rd3 36. Qg4 Qd5 37. a3 f3 38. Rg3 f2 39. c4 Rxg3 40. Qxg3+ 1-0

[Event "Forchheim op-B 14th"]
[Site "Forchheim"]
[Date "2015.10.03"]
[Round "3"]
[White "Meier, Manfred1111"]
[Black "Adelhuette, Dennis"]
[Result "0-1"]
[WhiteElo "1800"]
[BlackElo "1962"]
[PlyCount "56"]
[EventDate "2015.10.02"]
[EventType "swiss"]
[EventRounds "5"]
[EventCountry "GER"]
[SourceTitle "EXT 2019"]
[Source "ChessBase"]
[SourceDate "2018.10.10"]
[SourceVersion "1"]
[SourceVersionDate "2018.10.10"]
[SourceQuality "1"]

1. e4 e6 2. d4 d5 3. Nc3 Nf6 4. Bg5 Be7 5. e5 Nfd7 6. Bxe7 Qxe7 7. f4 a6 8. Nf3 c5 9. Qd2 Nc6 10. 0-0-0 b5 11. h4 c4 12. Rh3 Nb6 13. a3 Rb8 14. Ng1 b4 15. axb4 Qxb4 16. Na2 Qe7 17. Ra3 Qxh4 18. Nf3 Qe7 19. g4 Qb7 20. Qc3 Na7 21. Qb4 Nb5 22. Re3 Bd7 23. Nc3 Nxc3 24. Rxc3 a5 25. Qxa5 Na4 26. Re3 Ra8 27. Qe1 Qxb2+ 28. Kd2 c3+ 0-1

[Event "Nuremberg Zabo op 17th"]
[Site "Nuremberg"]
[Date "2015.09.21"]
[Round "2"]
[White "Miller, Eduard"]
[Black "Adelhuette, Dennis"]
[Result "1-0"]
[WhiteElo "2229"]
[BlackElo "1874"]
[PlyCount "97"]
[EventDate "2015.09.21"]
[EventType "swiss"]
[EventRounds "5"]
[EventCountry "GER"]
[SourceTitle "EXT 2018"]
[Source "ChessBase"]
[SourceDate "2017.10.13"]
[SourceVersion "1"]
[SourceVersionDate "2017.10.13"]
[SourceQuality "1"]

1. e4 e6 2. d3 d5 3. Nd2 Nf6 4. Ngf3 c5 5. g3 Nc6 6. Bg2 Be7 7. 0-0 0-0 8. e5 Nd7 9. Re1 Qc7 10. Qe2 a6 11. h4 b5 12. h5 f6 13. exf6 Nxf6 14. h6 g6 15. Nf1 Bd6 16. Bg5 Ng4 17. Bh3 e5 18. c3 Qf7 19. N1d2 c4 20. dxc4 bxc4 21. Rf1 Qf5 22. Nh2 Qxg5 23. Bxg4 Qxh6 24. Nxc4 Bc7 25. Rad1 d4 26. Qe4 Bb7 27. Be6+ Kh8 28. Bd5 g5 29. Ng4 Qg6 30. Qxg6 hxg6 31. Bxc6 Bxc6 32. Ncxe5 Be4 33. Rxd4 Bf5 34. Nc4 Rad8 35. Nge3 Rxd4 36. cxd4 Bd3 37. Rd1 Be2 38. Rd2 Bf3 39. d5 Kg7 40. d6 Rh8 41. Ng2 Bd8 42. b3 Bf6 43. Rd3 Be4 44. Re3 Bc6 45. a4 Kf7 46. Nd2 Rd8 47. Rd3 Ke6 48. Nc4 Be5 49. Re3 1-0